000
00305nam a22001337a 4500
008
190129b xxu||||| |||| 00| 0 eng d
020
_a
9780534356576
041
_a
eng
080
_2
6th
_a
316
100
_a
50
101
_a
SOC
245
_a
The Practice of Social Work
_c
Zastrow,Ch.H
942
_2
udc
_c
BK
999
_c
53867
_d
53867